[Event "ROU-chT Men Superliga 2018"]
[Site "Sovata"]
[Date "2018.12.01"]
[Round "8"]
[White "Stoleriu, George"]
[Black "Pop, Alexandru"]
[Result "1-0"]
[WhiteElo "2362"]
[BlackElo "2292"]
[Annotator "TA"]
[PlyCount "135"]
[EventDate "2018.11.24"]
[EventType "team-tourn"]
[EventCountry "ROU"]
[SourceTitle "playchess.com"]
[Source "ChessBase"]
[SourceQuality "1"]

{[%evp 16,135,13,8,13,12,26,20,22,20,18,0,0,0,0,11,5,-5,0,0,0,0,0,0,0,0,0,0,0,0,-14,-20,0,0,0,0,15,12,66,75,68,61,61,69,68,71,97,67,78,54,54,26,25,28,121,66,72,71,63,84,73,71,156,156,164,164,164,164,197,197,197,197,29949,29948,29937,12331,29953,8125,29966,243,237,236,236,236,236,236,29972,236,29969,236,29970,29970,29970,236,236,235,29973,29971,29960,235,235,235,235,235,235,235,235,235,235,235,235,235,235,235,235,235,235,235,235,235,235,235]} 1. e4 e6 2. d4 d5 3. Nc3 Bb4 4. Nge2 Nf6 5. Bg5 dxe4 6. a3 Be7 7. Bxf6 Bxf6 8. Nxe4 O-O 9. Qd2 {LiveBook: 8 Games. C12: French: Classical System: McCutcheon Variation} b6 10. g3 Bb7 11. Bg2 {White has an edge.} c6 $146 ({Predecessor:} 11... Kh8 12. O-O-O Nd7 13. c3 Qe7 14. Qc2 c5 15. h4 Rac8 16. Ng5 g6 17. Bxb7 Rc7 18. Bg2 cxd4 19. Nxd4 Rfc8 20. Kb1 Qc5 21. Nxf7+ Kg7 {1-0 (21) Hamdouchi,H (2555)-Galli,J (2059) Calvi 2005}) 12. O-O Be7 13. c4 Nd7 14. Rfd1 Nf6 15. N2c3 Rc8 {[%cal Ba8c8,Bc8c7,Bc7d7][%mdl 32]} 16. Rac1 Rc7 17. Ng5 Rd7 18. Nf3 c5 {aiming for ...cxd4.} 19. d5 exd5 {White must now prevent ...d4.} 20. Ne5 d4 21. Nxd7 Qxd7 22. Qe2 Bxg2 23. Kxg2 Qb7+ 24. Nd5 $1 Nxd5 25. Qf3 {[%mdl 64] Pin} Bg5 26. Rc2 {[#]} Ne3+ $1 27. fxe3 $14 Qxf3+ 28. Kxf3 Bxe3 {[%mdl 4096] Endgame KRR-KRB} 29. b4 Rc8 30. Rb1 Kf8 31. bxc5 Rxc5 32. Rb5 Rc6 33. Ke2 {[%mdl 1024] White has compensation.} Rf6 34. Kd3 Bg1 (34... Rf1 $11) 35. Rg2 (35. Rb1 $16 Be3 36. a4) 35... Rf1 36. c5 bxc5 37. Rxc5 Rd1+ 38. Rd2 Rxd2+ (38... Rb1 $142) 39. Kxd2 $16 Bxh2 {KR-KB} 40. Rc8+ Ke7 41. Rc7+ Ke6 42. Rxa7 Bxg3 {[#]} 43. a4 $1 {[%cal Ba3a4,Ba4a5][%mdl 32]} d3 $2 (43... Kd6 $18 44. Rxf7 Kc5) 44. a5 Bf2 45. Rb7 h5 46. Kxd3 g5 47. Ke2 $2 (47. a6 f5 48. Rh7 h4 49. a7 Bxa7 50. Rxa7 Kf6 51. Ra6+ Kf7 52. Ke2) 47... Bg1 $18 48. a6 f5 49. a7 Bxa7 50. Rxa7 {KR-K3P} Ke5 $2 (50... Kf6 $18 51. Ke3 h4 52. Ra6+ Kg7) 51. Kf2 $2 (51. Ke3 f4+ 52. Kf2 Kf5 53. Rf7+ Kg6 54. Rf8 Kh7 55. Rf6 Kg7 56. Ra6) 51... h4 $2 (51... Kf6 $18 52. Ke3 h4 53. Ra6+ Kg7) 52. Ra5+ $2 (52. Ra6 Ke4 53. Ra4+ Ke5 54. Ke3 h3 55. Kf3 g4+ 56. Kg3 Ke6 57. Ra6+ Kf7 58. Rd6) 52... Kf4 $2 (52... Kf6 $18 53. Kf3 Ke6) 53. Ra4+ Ke5 54. Ke3 $2 (54. Ra6 Kf4 55. Ra4+ Ke5 56. Kf3 Kf6 57. Ra6+ Kf7 58. Rh6 Kg7 59. Ra6) 54... Kf6 55. Ra6+ Ke5 $2 (55... Kg7 $18 56. Rc6 Kf7) 56. Rg6 g4 57. Rg5 $2 (57. Kf2 {mates} Kf4 58. Kg2 Ke4 59. Rh6 h3+ 60. Kg3 Ke5 61. Ra6 Ke4 62. Ra5) 57... h3 {White is clearly better.} 58. Rh5 Kf6 59. Kf4 Kg6 60. Rh4 Kf6 61. Rh6+ Kg7 62. Ra6 Kf7 63. Rb6 ({Weaker is} 63. Kxf5 h2 $11) 63... Kg7 64. Rc6 Kf7 65. Rd6 ({Avoid the trap} 65. Kxf5 $2 g3 $19) 65... Kg7 66. Rd7+ Kf6 67. Rc7 Kg6 68. Rc5 {Accuracy: White = 62%, Black = 47%.} 1-0

[Event "ROU-chT Men Superliga 2018"]
[Site "Sovata"]
[Date "2018.12.01"]
[Round "8"]
[White "Toma, Radu-Cristian"]
[Black "Nanu, Costica-Ciprian"]
[Result "1/2-1/2"]
[WhiteElo "2354"]
[BlackElo "2505"]
[Annotator "TA"]
[PlyCount "141"]
[EventDate "2018.11.24"]
[EventType "team-tourn"]
[EventCountry "ROU"]
[SourceTitle "playchess.com"]
[Source "ChessBase"]
[SourceQuality "1"]

{[%evp 15,141,17,0,-13,27,8,29,-23,-13,-23,-22,-22,-27,-29,-33,-41,-29,-30,-21,-51,-54,-42,-21,-249,-243,-258,-141,-139,-93,-86,-92,-112,-107,-104,-96,-84,-93,-92,-77,-86,-62,-53,-58,-64,-63,-61,-56,-56,-41,-59,-54,-56,-31,-35,-27,-27,-13,-18,-18,-18,-18,-52,-45,-53,-53,-46,-45,-45,-42,-40,0,0,0,0,0,0,0,0,0,0,0,-30,-30,-30,-31,-31,-32,-31,-30,-32,-27,-35,-7,-32,-32,-24,-24,-54,-46,-184,-182,-173,-172,-176,0,0,0,0,0,0,0,0,0,0,0,0,0,0,0,0,0,0,0,0,0,0,0,0]} 1. d4 Nf6 2. Nf3 g6 3. g3 d5 4. Bg2 Bg7 5. O-O O-O 6. c4 c6 7. Qa4 Nfd7 {[%cal Bf6d7,Bd7b6,Bb6c4][%mdl 32] D78: Fianchetto Grünfeld: 6 0-0 c6} (7... dxc4 8. Qxc4 Bf5 9. Nc3 Nbd7 10. Re1 Nb6 11. Qb3 Be6 12. Qd1 Nfd5 13. Ne4 Qc8 14. Neg5 Rd8 15. e4 Nc7 16. Bf4 Nb5 17. d5 cxd5 18. Rc1 {½-½ (79) Yu,Y (2751)-Grischuk,A (2772) Huaian 2017}) 8. cxd5 cxd5 {LiveBook: 4 Games} 9. Qb3 e6 $146 ({Predecessor:} 9... Nb6 10. Ne5 Nc6 11. Nxc6 bxc6 12. Rd1 e5 13. dxe5 Bxe5 14. Nd2 Qe7 15. Qc2 Bg7 16. e4 Re8 17. Rb1 Ba6 18. b3 d4 19. Bf1 Bb7 20. Bg2 Ba6 21. Bf1 Bb7 22. Bg2 {½-½ (22) Lagunow,A (2404)-Palac,M (2546) Weyhe 2018}) 10. Bf4 Nc6 11. Bd6 (11. Rd1 $142) 11... Re8 $11 12. e3 Nb6 13. Ba3 Nc4 14. Rc1 Bd7 15. Nfd2 N6a5 16. Qd1 Rc8 17. b3 Nxa3 18. Nxa3 Qe7 19. Nab1 $2 (19. Rxc8 $11 {and White is okay.} Rxc8 20. Nc2) 19... Rxc1 $19 20. Qxc1 Rc8 ({Black should play} 20... e5 $19 21. Nc3 Rc8) 21. Qb2 $17 {[#]} Qc5 $1 {[%mdl 512]} 22. Na3 (22. dxc5 Bxb2) 22... Qc3 23. Qxc3 Rxc3 24. Rd1 Bf8 25. Ndb1 Rc8 {aiming for ...b5.} 26. Bf1 Nc6 27. Nc2 Nb4 28. Nxb4 Bxb4 29. Bd3 a5 30. Kf1 Kf8 31. Ke2 Ke7 32. a3 Bd6 33. Kd2 f6 34. Rc1 Rf8 35. a4 Bb4+ 36. Kd1 Rc8 37. Rxc8 Bxc8 $11 {[%mdl 4096] Endgame KBB-KBN} 38. f4 {[#]} e5 $1 {[%mdl 512]} 39. fxe5 (39. dxe5 fxe5) 39... fxe5 40. dxe5 Bg4+ 41. Be2 Bxe2+ 42. Kxe2 $15 {KB-KN} Ke6 43. Nd2 Bxd2 44. Kxd2 Kxe5 $11 {KP-KP} 45. Kd3 h5 46. h4 b6 47. Kd2 $1 Kf5 (47... Ke4 $5 48. Ke2 $8 Kf5 $11) 48. Kd3 Kg4 49. Kd4 Kxg3 50. Kxd5 Kxh4 51. e4 Kg5 52. e5 h4 {And now ...h3 would win.} 53. e6 h3 ({Reject} 53... Kf6 54. Kd6 $14) 54. e7 h2 55. e8=Q h1=Q+ {KQ-KQ} 56. Kc4 Qf1+ 57. Kc3 ({White must play} 57. Kd5 $1 $15) 57... Qf6+ $19 58. Kd3 Kh6 59. Kc4 Qf4+ $2 (59... g5 $19 {Threatens to win with ...g4.} 60. Qe2 Qc6+ 61. Kd4 Qf6+ 62. Kd3 Qd6+ 63. Kc3 Qb4+ 64. Kc2 Qc5+ 65. Kd3 Qd5+ 66. Kc3 Qf5) 60. Kb5 $1 $11 {The position is equal.} Qb4+ (60... g5 {keeps more tension.} 61. Kxb6 g4 62. Kxa5 Qg5+ 63. Kb4 g3) 61. Ka6 Qxb3 {White must now prevent ...g5.} 62. Qh8+ Kg5 63. Qe5+ Kg4 64. Qe4+ Kh5 {Strongly threatening ...g5.} 65. Qe2+ Kh6 66. Qh2+ $1 Kg7 67. Qe5+ Kf7 68. Qf4+ Ke7 69. Qg5+ Kd7 70. Qxg6 Qxa4 {...Qd4 is the strong threat.} 71. Qxb6 {Precision: White = 66%, Black = 68%.} 1/2-1/2

[Event "ROU-chT Men Superliga 2018"]
[Site "Sovata"]
[Date "2018.12.01"]
[Round "8"]
[White "Vavric, Pavel"]
[Black "Shevchenko, Kirill"]
[Result "0-1"]
[WhiteElo "2351"]
[BlackElo "2549"]
[Annotator "TA"]
[PlyCount "72"]
[EventDate "2018.11.24"]
[EventType "team-tourn"]
[EventCountry "ROU"]
[SourceTitle "playchess.com"]
[Source "ChessBase"]
[SourceQuality "1"]

{[%evp 19,72,0,4,0,10,9,2,0,10,-10,-9,-7,-5,-37,-33,-44,-39,-39,-31,-87,-90,-97,-83,-156,-83,-125,-100,-119,-111,-139,-134,-131,-97,-105,-105,-108,-105,-156,-152,-153,-129,-191,-144,-311,-304,-301,-294,-516,-489,-556,-533,-1048,-879,-818,-789]} 1. c4 Nf6 2. Nc3 e6 3. e4 d5 4. e5 d4 5. exf6 dxc3 6. bxc3 Qxf6 7. d4 b6 8. Nf3 Bb7 9. Be2 Bd6 10. O-O O-O {LiveBook: 4 Games. A18: English Opening: Flohr-Mikenas System (1 c4 Nf6 2 Nc3 e6 3 e4)} 11. a4 Nc6 12. Rb1 $146 ({Predecessor:} 12. Bg5 Qg6 13. Bh4 Na5 14. Re1 h6 15. Rb1 Be4 16. Rb2 Rac8 17. Bf1 c5 18. dxc5 Bxc5 {0-1 (52) Jakubowski,K (2563)-Socko,B (2600) Katowice 2016}) 12... Bf4 {The position is equal.} 13. Bxf4 Qxf4 14. Qd2 (14. g3 {with more complications.} Qh6 15. Re1 Rad8 16. h4 Na5 17. Ng5) 14... Qxd2 15. Nxd2 Na5 16. c5 Rfd8 17. Nb3 {[#] aiming for Nxa5.} Nxb3 18. Rxb3 Bc6 19. a5 (19. Bb5 $15 Bd5 20. Rbb1) 19... bxc5 $17 ({Of course not} 19... bxa5 $6 20. Ra3 $11) 20. dxc5 Kf8 21. c4 (21. Rfb1 $142) 21... Ke7 (21... Rd2 $142 22. Bf3 Bxf3 23. Rxf3 Rb8) 22. Ra1 a6 23. Kf1 Rab8 24. Rab1 Rxb3 25. Rxb3 {[%mdl 4096] Endgame KRB-KRB} e5 26. f3 f5 27. Kf2 Ke6 28. Rb2 ({White should try} 28. g3) 28... g5 29. Rb3 h5 {[%cal Bh7h5,Bh5g4][%mdl 32]} 30. g3 (30. Rb1 $17) 30... Rd2 $19 31. Rb8 $2 {[#]} (31. h3 $17) 31... g4 $1 {[%cal Rg4f3]} 32. fxg4 hxg4 33. Ke1 $2 (33. Ke3 {was forced.} Ra2 34. Rc8) 33... Ra2 {Black is clearly winning.} 34. Rc8 Bf3 35. Bf1 Kd7 36. Rf8 e4 {Accuracy: White = 24%, Black = 79%.} 0-1

[Event "ROU-chT Men Superliga 2018"]
[Site "Sovata"]
[Date "2018.12.01"]
[Round "8"]
[White "Itkis, Boris"]
[Black "Ionescu, Doru-Alexandru"]
[Result "1-0"]
[WhiteElo "2325"]
[BlackElo "2321"]
[Annotator "TA"]
[PlyCount "159"]
[EventDate "2018.11.24"]
[EventType "team-tourn"]
[EventCountry "ROU"]
[SourceTitle "playchess.com"]
[Source "ChessBase"]
[SourceQuality "1"]

{[%evp 20,159,32,31,53,50,49,37,70,70,71,75,65,67,75,75,96,66,57,64,55,40,43,35,50,45,39,27,37,25,49,48,69,60,62,75,72,39,46,36,81,0,33,33,53,0,0,0,14,8,16,27,145,0,62,70,139,134,237,90,144,134,148,128,144,193,227,226,222,222,230,228,225,215,234,239,228,56,66,60,184,168,158,141,141,13,13,13,13,13,13,13,83,85,1503,1503,1503,1489,1503,1503,1503,1488,1495,1488,1488,1488,1481,1474,1466,1466,1444,1447,1416,1406,1358,1323,598,345,1273,1251,1183,880,794,699,513,445,29961,29961,29963,29964,29963,29965,29965,29966,29966,29967,29969,29969,29971,4141,5730,4141]} 1. d4 e6 2. Nf3 c5 3. c4 cxd4 4. Nxd4 Nc6 5. Nc3 a6 6. g3 d6 7. Bg2 Bd7 8. O-O Nf6 9. b3 {A34: Symmetrical English: 2 Nc3, lines with ...d5} (9. Nxc6 Bxc6 10. Bxc6+ bxc6 11. Qa4 Qc7 12. Bf4 Nd7 13. b4 Be7 14. c5 e5 15. cxd6 Bxd6 16. Be3 O-O {1-0 (39) Fridman,D (2670)-Appel,R (2525) Germany 2013}) 9... Be7 10. Bb2 O-O 11. Qd2 {LiveBook: 5 Games. White is slightly better.} Qb8 12. Rfd1 Rd8 $146 ({Predecessor:} 12... Ra7 13. Ba3 Rd8 14. Nxc6 Bxc6 15. Bxc6 bxc6 16. e4 c5 {0-1 (38) Silbermann,F-Morawietz,D (2400) Cologne 1994}) 13. Rac1 Qa7 14. Na4 e5 15. Nxc6 Bxc6 16. Bxc6 bxc6 {[#]} 17. c5 $1 {[%mdl 512]} dxc5 18. Qe3 Rxd1+ 19. Rxd1 c4 20. Qxe5 cxb3 21. axb3 Bf8 22. Qf5 Nd5 $1 23. Qc2 Nb4 24. Qc4 a5 25. Qg4 Nd5 26. e4 Ne3 27. fxe3 Qxe3+ 28. Kh1 {Bc3 is the strong threat.} Qxb3 29. Ra1 Rb8 30. Qd1 ({White should try} 30. Qe2 $1 $16) 30... Qe3 31. Qc2 Rb4 32. e5 ({Better is} 32. Kg2 $14) 32... Qf3+ $11 33. Kg1 $1 h5 34. Rf1 Qe3+ 35. Kh1 h4 (35... g6 $11 {keeps the balance.}) 36. gxh4 ({Stronger than} 36. Qxc6 Qe2 $17) (36. Bc3 $1 $16 {[%cal Rc3b4]} Qe4+ 37. Qxe4 Rxe4 38. Rf4 Rxf4 39. gxf4) 36... Qh3 ({Black should play} 36... Rxh4 $11 37. Bc3 Rf4 38. Rxf4 Qxf4) 37. Qf2 $14 {And now Ba3 would win.} Qb3 (37... Qe6 $14 38. Nc3 a4) 38. Nc3 $16 a4 (38... Qc4 $16 {was worth a try.}) 39. Ba1 (39. Ba3 $1 $18 {[%cal Ra3b4] is the precise move to win.} Rb7 40. Bxf8 Qxc3 41. Bxg7 $1 {[%mdl 512]}) 39... Rg4 (39... Be7 $142) 40. h5 Qc4 41. Qf3 Be7 42. h6 gxh6 {[#]} 43. Nxa4 $1 {[%mdl 512]} Bg5 {Hoping for ...Rf4.} (43... Qxa4 44. Qxf7+) 44. Nb2 Qe6 {intending ...Rf4.} 45. Nd3 Rh4 46. Nc5 Qa2 {[%csl Gh4][%cal Ra2h2]} 47. Qg2 Qc4 48. Nd7 $2 (48. Nb7 $18) 48... Rg4 $14 49. Nb6 $1 {[%cal Rb6c4]} Qb5 (49... Qe6 $1 $14 50. Qf2 Rf4) 50. Qh3 $18 h5 51. e6 fxe6 52. Nd7 ({Wrong is} 52. Qf3 $2 Rf4 $19) (52. Bd4 $16) 52... Qd5+ $11 53. Qf3 {Threatens to win with Qxd5.} Rf4 54. Qxd5 Rxf1+ 55. Kg2 exd5 (55... cxd5 $11 56. Kxf1 Bf4) 56. Kxf1 $16 Kf7 $2 {[%mdl 8192]} (56... Be7 $16) 57. Ne5+ $18 Ke6 58. Nxc6 Kf5 59. Ke2 Ke4 60. Bd4 Bf4 61. h3 Bd6 62. Bf2 Bf8 63. Nd4 Bg7 64. Ne6 Bf6 65. Nc5+ Kf4 66. Nd3+ Ke4 67. Bg3 Be7 68. Nf2+ Kd4 $2 (68... Kf5 69. Ke3 Bg5+ 70. Kf3 h4) 69. Kf3 Kc4 70. Bb8 Bg5 71. Be5 Bh6 72. Nd1 Kd3 (72... Bg5 $18 73. Ne3+ Kc5) 73. Nb2+ Kc2 74. Ke2 Kb3 75. Kd3 Bf8 76. Nd1 Kb4 77. Kd4 Kb3 78. Ne3 Bh6 79. Nxd5 Kc2 80. Ke4 {Accuracy: White = 67%, Black = 28%.} 1-0

[Event "ROU-chT Men Superliga 2018"]
[Site "Sovata"]
[Date "2018.12.01"]
[Round "8"]
[White "Gheorghiu, Calin"]
[Black "David, Alexandru-Vasile"]
[Result "0-1"]
[WhiteElo "2278"]
[BlackElo "2426"]
[Annotator "TA"]
[PlyCount "50"]
[EventDate "2018.11.24"]
[EventType "team-tourn"]
[EventCountry "ROU"]
[SourceTitle "playchess.com"]
[Source "ChessBase"]
[SourceQuality "1"]

{[%evp 21,50,10,5,-55,-25,-68,-45,-60,-75,-261,-242,-189,-162,-262,-271,-297,-283,-540,-540,-540,-540,-946,-943,-939,-927,-853,-719,-29996,-29997,-29997,-29997]} 1. d4 Nf6 2. c4 g6 3. f3 Bg7 4. e4 d6 5. Nc3 O-O 6. Be3 a6 7. Qd2 Nbd7 8. Nge2 {E81: King's Indian: Sämisch: 6th move deviations (including 6 Be3 c6)} b5 9. cxb5 axb5 10. Nxb5 c6 11. Nbc3 e5 {LiveBook: 6 Games} 12. dxe5 $146 (12. d5 $11) ({Predecessor:} 12. O-O-O Qa5 13. Bh6 Nb6 14. Bxg7 Kxg7 15. dxe5 dxe5 {0-1 (34) Duda,J (2737)-Grischuk,A (2766) chess.com INT 2018}) 12... Nxe5 $15 13. Nd4 d5 14. exd5 Nxd5 15. Nxc6 $2 (15. Nxd5 $17 Qxd5 16. Be2) 15... Nxc6 $19 16. Nxd5 Ra5 17. Rd1 (17. Nb6 $142 Qe7 18. Kf2 (18. Nxc8 Rxc8 19. Bd3 Re5 $19)) 17... Re8 18. Kf2 {[#] Strongly threatening b4.} Bd4 $1 {[%mdl 512]} 19. Bc4 $2 (19. Nf6+ {only move.} Bxf6 20. Qxd8 Rxd8 21. Bc4) (19. Bxd4 Rxd5) 19... Rxd5 {[%mdl 64] Remove Defender} 20. Bxd5 Rxe3 21. Qxe3 Bxe3+ 22. Kxe3 Qb6+ {[%mdl 64] Double Attack} 23. Kf4 Nd4 {( -> ...Ne2+)} 24. Be4 Ne2+ 25. Kg5 Kg7 {[%mdl 64] Decoy} 0-1

[Event "ROU-chT Men Superliga 2018"]
[Site "Sovata"]
[Date "2018.12.01"]
[Round "8"]
[White "Vasiesiu, Victor"]
[Black "Dobre, Mihai"]
[Result "1/2-1/2"]
[WhiteElo "2270"]
[BlackElo "2104"]
[Annotator "NA"]
[PlyCount "89"]
[EventDate "2018.11.24"]
[EventType "team-tourn"]
[EventCountry "ROU"]
[SourceTitle "playchess.com"]
[Source "ChessBase"]
[SourceQuality "1"]
[TimeControl "40/5400+30:1800+30"]

1. e4 {[%emt 0:00:00]} c5 {[%emt 0:00:00]} 2. Nc3 {[%emt 0:00:00]} e6 {[%emt 0:00:26]} 3. f4 {[%emt 0:00:27]} Nc6 {[%emt 0:02:41]} 4. Nf3 {[%emt 0:00:08]} a6 {[%emt 0:00:45]} 5. d4 {[%emt 0:01:26]} d5 {[%emt 0:06:10]} 6. e5 {[%emt 0:02:54]} Nh6 {[%emt 0:04:49]} 7. Ne2 {[%emt 0:01:25]} Nf5 {[%emt 0:02:00]} 8. c3 {[%emt 0:00:35]} h5 {[%emt 0:09:59]} 9. Ng3 {[%emt 0:04:15]} Nh4 {[%emt 0:03:18]} 10. Be3 {[%emt 0:24:39]} Nxf3+ {[%emt 0:04:59]} 11. Qxf3 {[%emt 0:00:10]} cxd4 {[%emt 0:00:12]} 12. cxd4 {[%emt 0:00:09]} Qa5+ {[%emt 0:11:49]} 13. Kf2 {[%emt 0:02:02]} Qb4 {[%emt 0:00:27]} 14. Rd1 {[%emt 0:00:56]} g6 {[%emt 0:10:40]} 15. Rd2 {[%emt 0:04:27]} Qa4 {[%emt 0:09:54]} 16. a3 {[%emt 0:02:10]} Na5 {[%emt 0:03:50]} 17. Bd3 {[%emt 0:00:49]} Bd7 {[%emt 0:01:15]} 18. Ne2 {[%emt 0:03:36]} Rc8 {[%emt 0:02:18]} 19. Rc1 {[%emt 0:20:48]} Rxc1 {[%emt 0:00:19]} 20. Nxc1 {[%emt 0:00:07]} Be7 {[%emt 0:02:33]} 21. Rc2 {[%emt 0:02:51]} Bd8 {[%emt 0:02:23]} 22. Qd1 {[%emt 0:07:42]} Nc6 {[%emt 0:04:06]} 23. Ne2 {[%emt 0:04:52]} Bb6 {[%emt 0:01:05]} 24. Rc1 {[%emt 0:02:00]} Qxd1 {[%emt 0:00:08]} 25. Rxd1 {[%emt 0:00:04]} Ke7 {[%emt 0:00:45]} 26. h3 {[%emt 0:03:01]} Rc8 {[%emt 0:00:10]} 27. g4 {[%emt 0:01:00]} Rh8 {[%emt 0:02:35]} 28. Kg3 {[%emt 0:01:10]} g5 {[%emt 0:01:04]} 29. f5 {[%emt 0:03:24]} Nxe5 {[%emt 0:04:53]} 30. Bxg5+ {[%emt 0:00:07]} f6 {[%emt 0:00:03]} 31. dxe5 {[%emt 0:00:10]} fxg5 {[%emt 0:00:07]} 32. f6+ {[%emt 0:00:12]} Kf7 {[%emt 0:00:17]} 33. gxh5 {[%emt 0:00:18]} Rxh5 {[%emt 0:00:38]} 34. Kg4 {[%emt 0:01:16]} Rh4+ {[%emt 0:00:30]} 35. Kxg5 {[%emt 0:00:28]} Rxh3 {[%emt 0:00:13]} 36. Bg6+ {[%emt 0:03:11]} Kf8 {[%emt 0:00:01]} 37. Rd3 {[%emt 0:02:03]} Rh1 {[%emt 0:08:04]} 38. Nf4 {[%emt 0:01:17]} Rg1+ {[%emt 0:00:26]} 39. Kh6 {[%emt 0:00:24]} Re1 {[%emt 0:00:06]} 40. Bh7 {[%emt 0:00:00]} Be3 {[%emt 0:00:00]} 41. Rxe3 {[%emt 0:04:53]} Rxe3 {[%emt 0:00:40]} 42. Ng6+ {[%emt 0:00:08]} Kf7 {[%emt 0:00:46]} 43. Nh8+ {[%emt 0:00:06]} Kf8 {[%emt 0:00:43]} 44. Ng6+ {[%emt 0:00:07]} Kf7 {[%emt 0:00:14]} 45. Nh8+ {[%emt 0:01:41]} 1/2-1/2

[Event "ROU-chT Men Superliga 2018"]
[Site "Sovata"]
[Date "2018.12.01"]
[Round "8"]
[White "Patrascu, Catalin-Lucian"]
[Black "Ardelean, George-Catalin"]
[Result "1/2-1/2"]
[WhiteElo "2268"]
[BlackElo "2494"]
[Annotator "TA"]
[PlyCount "97"]
[EventDate "2018.11.24"]
[EventType "team-tourn"]
[EventCountry "ROU"]
[SourceTitle "playchess.com"]
[Source "ChessBase"]
[SourceQuality "1"]

{[%evp 16,97,18,27,60,29,55,47,68,43,74,70,72,81,65,79,107,27,27,29,25,24,30,20,35,33,45,19,21,9,11,0,0,-69,0,0,0,0,38,9,59,0,60,58,85,87,70,74,92,89,100,0,136,0,90,0,102,18,87,79,152,148,175,172,174,161,300,77,77,91,77,102,94,43,43,20,20,20,29,0,20,0,29,0]} 1. d4 d5 2. c4 dxc4 3. e3 e5 4. Bxc4 exd4 5. exd4 Bd6 6. Nf3 Nf6 7. O-O O-O 8. Bg5 h6 9. Bh4 {LiveBook: 43 Games. D20: Queen's Gambit Accepted: 3 e3 and 3 e4} c6 (9... Bg4 10. h3 Bxf3 11. Qxf3 Nc6 12. Bxf6 Qxf6 13. Qxf6 gxf6 14. Rd1 Rad8 15. Nc3 f5 16. Kf1 Kg7 {½-½ (37) Ivanisevic,I (2662)-Predojevic,B (2621) Kragujevac 2015}) 10. Nc3 Nbd7 11. Bb3 {White is slightly better.} Nb6 12. Ne5 Be6 $146 ({Predecessor:} 12... Bf5 13. Qf3 Bh7 14. Rfe1 a5 15. Ng4 Be7 16. Rxe7 {1-0 (16) Rouzaud,P (2258)-Deschamps,R (2098) Condom 2004}) 13. Bxe6 fxe6 14. Qb3 Qe8 15. Bxf6 gxf6 16. Nc4 (16. Nd3 $16) 16... Nxc4 $11 17. Qxc4 f5 18. Rfe1 {[%cal Bf1e1,Be1e3,Be3b3][%mdl 32]} Rf6 19. Re3 Qd7 20. Rae1 {[%cal Re3e6]} Kf7 21. Nb1 Rd8 22. Rb3 b5 23. Qe2 Bc7 24. Rd1 ({White should try} 24. Nd2 $11) 24... Rg6 (24... e5 $1 $15) 25. Rbd3 Rg4 26. g3 a6 27. b3 Qd6 28. Qe3 (28. h3 $14 Rg7 29. Nd2) 28... Kg7 (28... Bb6 $1 $11 29. Qxh6 Rxd4 30. Qh5+ Kf8 31. Qh8+ Ke7 32. Qg7+ Ke8 33. Qh8+ Ke7 34. Qh7+ Kf8 35. Qh8+ Ke7) 29. Nc3 $14 Bb6 {[%cal Rg4d4] [#]} 30. Ne2 $1 Re4 31. Qf3 b4 32. Nf4 {Black must now prevent Qh5.} Kh7 33. Ne2 ({White should play} 33. Kg2 $16) 33... Qd5 (33... Kg7 $11 {remains equal.}) 34. Nf4 (34. Qh5 $16 Qd7 35. Kf1 (35. Nf4 Rg8 $14)) 34... Qd7 (34... Qd6 $1 $11 {keeps the balance.}) 35. Ne2 (35. Kf1 $16) 35... Qg7 (35... Qd5 $1 $11) 36. Kf1 (36. Re3 $16) 36... Rd6 (36... Bxd4 $11 37. Rxd4 Rexd4 38. Nxd4 Rxd4) 37. Qh5 Rg4 (37... Bxd4 $142 38. f3 Rxe2 39. Kxe2 Qd7) 38. Qe8 $16 Qc7 39. Nf4 Rg8 40. Qh5 Qd7 (40... Qg7 $142) 41. Qe2 $2 {[#]} (41. Re3 $18) 41... Bxd4 42. Nxe6 $1 c5 43. Nxd4 cxd4 44. Qe5 (44. Qd2 $16) 44... Rd8 $1 $14 45. Kg1 Rd5 46. Qf6 Rd6 47. Qe5 Rd5 48. Qf6 Rd6 49. Qe5 {Accuracy: White = 35%, Black = 44%.} 1/2-1/2

[Event "ROU-chT Men Superliga 2018"]
[Site "Sovata"]
[Date "2018.12.01"]
[Round "8"]
[White "Szabo, Attila"]
[Black "Vajda, Levente"]
[Result "0-1"]
[WhiteElo "2263"]
[BlackElo "2547"]
[Annotator "RC"]
[PlyCount "54"]
[EventDate "2018.11.24"]
[EventType "team-tourn"]
[EventCountry "ROU"]
[SourceTitle "playchess.com"]
[Source "ChessBase"]
[SourceQuality "1"]
[TimeControl "40/5400+30:1800+30"]

1. e4 {[%emt 0:00:00]} d6 {[%emt 0:00:00]} 2. d4 {[%emt 0:00:00]} Nf6 {[%emt 0:00:01]} 3. Nc3 {[%emt 0:00:32]} e5 {[%emt 0:00:09]} 4. Nf3 {[%emt 0:01:43]} Nbd7 {[%emt 0:00:30]} 5. Bc4 {[%emt 0:03:19]} Be7 {[%emt 0:00:10]} 6. O-O {[%emt 0:01:14]} O-O {[%emt 0:00:19]} 7. Re1 {[%emt 0:00:39]} c6 {[%emt 0:00:32]} 8. a4 {[%emt 0:00:28]} b6 {[%emt 0:02:20]} 9. b3 {[%emt 0:10:05]} a6 {[%emt 0:01:26]} 10. Ba3 {[%emt 0:04:03]} Bb7 {[%emt 0:03:03]} 11. Qd2 {[%emt 0:02:07]} b5 {[%emt 0:01:34]} 12. axb5 {[%emt 0:03:14]} axb5 {[%emt 0:00:54]} 13. dxe5 {[%emt 0:17:21]} Rxa3 {[%emt 0:09:00]} 14. Rxa3 {[%emt 0:01:41]} dxe5 {[%emt 0:00:16]} 15. Ra7 {[%emt 0:01:03]} Qb8 {[%emt 0:02:23]} 16. Rxb7 {[%emt 0:01:14]} Qxb7 {[%emt 0:00:08]} 17. Bf1 {[%emt 0:07:56]} Bb4 {[%emt 0:00:08]} 18. Re2 {[%emt 0:03:44]} Qb6 {[%emt 0:11:25]} 19. h3 {[%emt 0:15:44]} Qa5 {[%emt 0:04:39]} 20. Re3 {[%emt 0:00:31]} Nc5 {[%emt 0:06:16]} 21. Nxe5 {[%emt 0:05:44]} Ncxe4 {[%emt 0:01:49]} 22. Nxc6 {[%emt 0:02:08]} Nxd2 {[%emt 0:02:26]} 23. Nxa5 {[%emt 0:00:34]} Nxf1 {[%emt 0:00:15]} 24. Kxf1 {[%emt 0:00:11]} Bxa5 {[%emt 0:00:05]} 25. Nxb5 {[%emt 0:00:08]} Rd8 {[%emt 0:00:22]} 26. c3 {[%emt 0:04:50]} Rd1+ {[%emt 0:02:50]} 27. Re1 {[%emt 0:01:31]} Rd5 {[%emt 0:00:41]} 0-1